000 00543nam a22001817a 4500
005 20251108164135.0
008 250721s1991 xx 000 0 ara d
082 1 4 _a218,52/محم
100 1 _aقطب، محمد
245 1 0 _aرؤية إسلامية لأحوال العالم المعاصر /
264 1 _aالقاهرة :
_bمكتبة السنه،
_c1991.
300 _a252ص
650 1 7 _aالإسلام
650 1 7 _aالدعوة الإسلامية
650 1 7 _aالصحوة الإسلامية
942 _2ddc
_cBK
999 _c4641
_d4641